A quel superhéros appartient ce méchant ? - Statistiques

Statistiques générales
  • Ce quiz a été pris 646 fois
  • Le résultat moyen est 8 sur 20
Statistiques - réponses
Hint Réponse % Correct
Joker Batman
100%
Le Bouffon Vert Spiderman
96%
Kryptonite Superman
96%
Loki Thor
95%
Hydra Captain America
77%
Arès Wonderwoman
49%
Captain Cold Flash
47%
Zzzax Hulk
35%
Parallax Green Lantern
30%
Deathstroke Arrow
23%
Scavenger Aquaman
22%
Magnéto Charles Xavier
22%
Black Adam Captain Marvel
19%
Crimson Dynamo Black Widow
18%
Egghead HawkEye
13%
The Owl Daredevil
8%
Red Alice BatWoman
6%
Deathbird Miss Marvel
3%
Thanos Les Gardiens De La Galaxy
2%
Akuma Electra
1%
Aucun quiz correspondant
Distribution des résultats
% des personnes avec chaque résultat
Percentile par nombre de réponses
Votre historique - résultats
Vous n’avez pas pris ce quiz